AC Milan - prawda czy Fałsz - Statystyki

Ogólne statystyki
  • Ten quiz został rozwiązany 201 razy
    199 od ostatniego zresetowania
  • Średni wynik to 8 z 10
Statystyki odpowiedzi
Zagadnienie Odpowiedź % Poprawnych
AC Milan jest klubem z Serie A Prawda
94%
AC Milan jest klubem z Ligue 1 Fałsz
93%
Paolo Maldini ma najwięcej występów w AC Milanie Prawda
91%
AC Milan jest Beniaminkiem Fałsz
88%
Trener AC Milanu to Carlo Ancelotti Fałsz
88%
AC Milan w FC25 nazywa się Milano FC Prawda
80%
Najwyższe zwycięstwo u siebie miało miejsce 04.10.1914 i AC Milan - Audax Modena 13:0 (wygrana AC Milanu) Prawda
78%
AC Milan powstał w 1897 Fałsz
59%
W AC Milanie gra Joao Felix Prawda
59%
Najwięcej bramek w tym klubie strzelił Andrej Szewczenko strzelając 175 bramek Fałsz
51%
Nie znaleziono quizów pasujących do podanych kryteriów
Rozkład punktacji
Procent ludzi z każdym wynikiem
Percentyl według liczby udzielonych odpowiedzi
Twoja historia wyników
Nie rozwiązałeś tego quizu od ostatniego zresetowania